00825nam a22001935i 4500001000700000003000900007005001700016008004100033100002100074245020200095260004400297300002800341490004800369650004600417651005200463700003100515830004800546852003700594167940ES-MaACL20250916205417.0991111s1900 fr |||| | fre d1 aWilson, Woodrow.13aLe gouvernement congressionnel : bétude sur la politique amèricaine / cpar Woodrow Wilson ; traduit sur la 13e edition amèricaine revue par l'auteur ; avec une prèface de M. Henri Wallon. aParis : bV. Giard & E. Briere, c1900. aXXXI, 372 p. ; c18 cm.1 aBibliotheque internationale de droit public 4aGobierno representativo-zEstados Unidos. 4aEstados Unidos-xPolítica y gobierno-yS.XIX.1 aWallon, Henri, d1812-19041 aBibliotheque internationale de droit public aES-MaACLjD-1248 z- Enc. tela